Wszystkie Ulice w Tczewie - Statystyki

Ogólne statystyki
  • Ten quiz został rozwiązany 93 razy
  • Średni wynik to 48 z 237
Statystyki odpowiedzi
Informacja Ulica % Poprawnych
Ulica Gdańska
83%
Ulica Armii Krajowej
59%
Ulica Dworcowa
55%
Ulica Adama Mickiewicza
53%
Ulica Wojska Polskiego
53%
Ulica Krótka
52%
Plac Jana Pawła II
50%
Ulica 1 Maja
48%
Ulica Pomorska
48%
Ulica Bolesława Chrobrego
47%
Ulica Czyżykowska
47%
Ulica Fryderyka Chopina
47%
Ulica Jagiellońska
47%
Plac Józefa Hallera
47%
Ulica Polna
47%
Ulica 30 Stycznia
45%
Ulica Bałdowska
45%
Aleja Solidarności
45%
Ulica Ignacego Paderewskiego
44%
Ulica Jana Sobieskiego
44%
Ulica Henryka Dąbrowskiego
42%
Ulica Jarosława Dąbrowskiego
42%
Ulica Kasztanowa
42%
Ulica Zielona
42%
Ulica Kubusia Puchatka
41%
Ulica Nad Wisłą
41%
Ulica Parkowa
41%
Ulica Juliusza Słowackiego
39%
Aleja Kociewska
39%
Ulica Tadeusza Kościuszki
39%
Ulica Wąska
39%
Ulica Brzozowa
38%
Ulica Jedności Narodu
38%
Ulica Mikołaja Kopernika
38%
Ulica Władysława Andersa
38%
Ulica Zamkowa
38%
Aleja Zwycięstwa
38%
Ulica Braci Grimm
36%
Ulica Elizy Orzeszkowej
36%
Ulica Henryka Sienkiewicza
36%
Ulica Kwiatowa
36%
Ulica Mostowa
36%
Ulica Topolowa
36%
Ulica Wiślana
36%
Ulica Akacjowa
34%
Ulica Franciszka Żwirki
34%
Ulica Kolejowa
34%
Ulica Malinowska
34%
Ulica Cypriana Kamila Norwida
33%
Ulica Czerwonego Kapturka
33%
Ulica Łąkowa
33%
Ulica Mieszka I
33%
Ulica Rokicka
33%
Ulica Stefana Wyszyńskiego
33%
Ulica Jodłowa
31%
Ulica Kościelna
31%
Ulica Niepodległości
31%
Ulica Nowowiejska
31%
Ulica Ceglarska
30%
Ulica Czatkowska
30%
Ulica Jana Brzechwy
30%
Ulica Lipowa
30%
Ulica Wodna
30%
Ulica Bartosza Głowackiego
28%
Ulica Saperska
28%
Ulica Stanisława Wigury
28%
Ulica Władysława Sikorskiego
28%
Ulica Marii Konopnickiej
27%
Ulica Ogrodowa
27%
Ulica Stanisława Konarskiego
27%
Ulica Stefana Żeromskiego
27%
Ulica Grunwaldzka
25%
Ulica Hugona Kołłątaja
25%
Ulica Jana Kochanowskiego
25%
Ulica Sadowa
25%
Ulica Sambora
25%
Ulica Sportowa
25%
Ulica Starowiejska
25%
Ulica Jana Matejki
23%
Ulica Prosta
23%
Ulica Targowa
23%
Ulica Władysława Reymonta
23%
Ulica Jana Kilińskiego
22%
Ulica Jasia i Małgosi
22%
Ulica Juliana Tuwima
22%
Ulica Kaszubska
22%
Ulica Królowej Marysieńki
22%
Ulica Lecha
22%
Ulica Mikołaja Reja
22%
Ulica Przemysłowa
22%
Ulica Władysława Jagiełły
22%
Ulica Elżbiety
20%
Ulica Jakuba Jasińskiego
20%
Ulica Królowej Bony
20%
Ulica Piastowska
20%
Ulica Rybacka
20%
Ulica Skarszewska
20%
Ulica Stroma
20%
Ulica Wisławy Szymborskiej
20%
Ulica Władysława Broniewskiego
20%
Ulica Bolesława Prusa
19%
Ulica Czesława Miłosza
19%
Ulica Jana z Kolna
19%
Ulica Jarzębinowa
19%
Ulica Kozia
19%
Ulica Piaskowa
19%
Ulica Romualda Traugutta
19%
Ulica Stanisława Staszica
19%
Ulica Stefana Batorego
19%
Ulica Stefana Okrzei
19%
Ulica Zygmunta Krasińskiego
19%
Ulica Jana Kasprowicza
17%
Ulica Królowej Jadwigi
17%
Ulica Nadbrzeżna
17%
Bulwar Nadwiślański
17%
Ulica Nowa
17%
Ulica Wilcza
17%
Ulica Władysława Jurgo
17%
Ulica Wyzwolenia
17%
Ulica Zofii Nałkowskiej
17%
Ulica Zygmunta Starego
17%
Ulica Aleksandra Fredry
16%
Ulica Hanny Hass
16%
Ulica Janusza Korczaka
16%
Ulica Jaworowa
16%
Ulica Łazienna
16%
Ulica Lotnicza
16%
Ulica Obrońców Westerplatte
16%
Ulica Podgórna
16%
Ulica Szkoły Morskiej
16%
Ulica Tczewskich Saperów
16%
Ulica Witolda Pileckiego
16%
Ulica Za Dworcem
16%
Ulica Fabryczna
14%
Ulica Kazimierza Przerwy-Tetmajera
14%
Ulica Piotrowo
14%
Ulica Południowa
14%
Ulica Portowców
14%
Ulica Stanisława Wyspiańskiego
14%
Ulica Stoczniowców
14%
Ulica Suchostrzycka
14%
Ulica Szewczyka Dratewki
14%
Ulica Warsztatowa
14%
Ulica Grota Roweckiego
13%
Ulica Konstantyna Dominika
13%
Ulica Krucza
13%
Ulica Leopolda Okulickiego
13%
Ulica Okrętowa
13%
Ulica Partyzantów
13%
Ulica Północna
13%
Ulica Pomira
13%
Ulica Robotnicza
13%
Ulica Stara
13%
Ulica Tadeusza Rejtana
13%
Ulica Bosmańska
11%
Ulica Działkowa
11%
Ulica Flisaków
11%
Ulica Gryfa Pomorskiego
11%
Ulica Jabłoniowa
11%
Ulica Jarosława Iwaszkiewicza
11%
Rondo Jasnej i Dersława
11%
Ulica Konstantego Ildefonsa Gałczyńskiego
11%
Ulica Kręta
11%
Ulica Pinokia
11%
Ulica Pionierów
11%
Ulica Spółdzielcza
11%
Ulica Tadeusza Boya-Żeleńskiego
11%
Ulica Władysława Orkana
11%
Ulica Chłodna
9%
Ulica Dominikańska
9%
Ulica Garncarska
9%
Ulica Harcerska
9%
Ulica Podmurna
9%
Ulica Świętopełka
9%
Ulica Wincentego Pola
9%
Ulica Wita Stwosza
9%
Rondo Żołnierzy Wyklętych
9%
Ulica Gabrieli Zapolskiej
8%
Ulica Józefa Chełmońskiego
8%
Ulica Kapitańska
8%
Ulica Kazimierza Jagiellończyka
8%
Ulica Krzysztofa Kamila Baczyńskiego
8%
Ulica Poligonowa
8%
Ulica Półwiejska
8%
Ulica Przemysława II
8%
Ulica Wierzbowa
8%
Ulica Żuławska
8%
Ulica Adolfa Dygasińskiego
6%
Ulica Anny Łajming
6%
Ulica Boczna
6%
Ulica Chłopska
6%
Ulica Jacka Malczewskiego
6%
Plac/Rondo Józefa Piłsudzkiego
6%
Ulica Józefa Wybickiego
6%
Rondo Kociewskie
6%
Ulica Księżniczki Dobrawy
6%
Ulica Leopolda Staffa
6%
Ulica Marynarska
6%
Ulica Młyńska
6%
Ulica Rycerska
6%
Ulica Spacerowa
6%
Ulica Wojciecha Kossaka
6%
Ulica Żeglarska
6%
Ulica Dokerów
5%
Ulica Janusza Kusocińskiego
5%
Ulica Kazimierza Pułaskiego
5%
Ulica Leona Wyczółkowskiego
5%
Ulica Mamerta Stankiewicza
5%
Ulica Mestwina
5%
Ulica Nizinna
5%
Ulica Obrońców Tczewa
5%
Ulica Strzelecka
5%
Plac Św. Grzegorza
5%
Ulica Szyprów
5%
Ulica Tadeusza Bora-Komorowskiego
5%
Ulica Andrzeja Frycza-Modrzewskiego
3%
Ulica Andrzeja Struga
3%
Ulica Juliana Przybosia
3%
Ulica Ks. Janusza Stanisława Pasierba
3%
Ulica Ks. Piotra Ściegiennego
3%
Ulica Lecha Bądkowskiego
3%
Plac/Ulica Patriotów
3%
Ulica Retmańska
3%
Ulica Skromna
3%
Ulica Wiktora Jagalskiego
3%
Ulica Za Portem
3%
Ulica Adama Ważyka
2%
Ulica Forsterów
2%
Ulica Franciszka Fenikowskiego
2%
Ulica Karola Borchardta
2%
Ulica Ks. Bernarda Sychty
2%
Ulica Ks. Władysława Młyńskiego
2%
Ulica Stanisława Ignacego Witkiewicza
2%
Ulica Jana Stanisławskiego
0%
Ulica Ryszarda Kuklińskiego
0%
Ulica Willego Muscate
0%
Nie znaleziono quizów pasujących do podanych kryteriów
Rozkład punktacji
Procent ludzi z każdym wynikiem
Percentyl według liczby udzielonych odpowiedzi
Twoja historia wyników
Nie rozwiązałeś tego quizu